Catalog

Record Details

Catalog Search



Air Pollution Modeling and its Application XXII Cover Image E-book E-book

Air Pollution Modeling and its Application XXII [electronic resource] / edited by Douw G. Steyn, Peter J.H. Builtjes, Renske M.A. Timmermans.

Electronic resources


LDR 01897nam a22004695i 4500
00128165
003CONS
00520131011031036.0
007cr nn 008mamaa
008131004s2014 ne | s |||| 0|eng d
020 . ‡a9789400755772 ‡9978-94-007-5577-2
0247 . ‡a10.1007/978-94-007-5577-2 ‡2doi
035 . ‡a(DE-He213)978-94-007-5577-2
050 4. ‡aTD881-890
072 7. ‡aRNP ‡2bicssc
072 7. ‡aSCI026000 ‡2bisacsh
1001 . ‡aSteyn, Douw G. ‡eeditor.
24510. ‡aAir Pollution Modeling and its Application XXII ‡h[electronic resource] / ‡cedited by Douw G. Steyn, Peter J.H. Builtjes, Renske M.A. Timmermans.
264 1. ‡aDordrecht : ‡bSpringer Netherlands : ‡bImprint: Springer, ‡c2014.
300 . ‡aXLIX, 770 p. 278 illus. ‡bonline resource.
336 . ‡atext ‡btxt ‡2rdacontent
337 . ‡acomputer ‡bc ‡2rdamedia
338 . ‡aonline resource ‡bcr ‡2rdacarrier
347 . ‡atext file ‡bPDF ‡2rda
4901 . ‡aNATO Science for Peace and Security Series C: Environmental Security, ‡x1874-6519
650 0. ‡aEnvironmental sciences.
650 0. ‡aChemistry, Physical organic.
650 0. ‡aPublic health.
650 0. ‡aEnvironmental protection.
65014. ‡aEnvironment.
65024. ‡aAtmospheric Protection/Air Quality Control/Air Pollution.
65024. ‡aAtmospheric Sciences.
65024. ‡aPublic Health.
65024. ‡aPhysical Chemistry.
65024. ‡aGeophysics and Environmental Physics.
7001 . ‡aBuiltjes, Peter J.H. ‡eeditor.
7001 . ‡aTimmermans, Renske M.A. ‡eeditor.
7102 . ‡aSpringerLink (Online service)
7730 . ‡tSpringer eBooks
77608. ‡iPrinted edition: ‡z9789400755765
830 0. ‡aNATO Science for Peace and Security Series C: Environmental Security, ‡x1874-6519
85640. ‡uhttp://biblioteca.ipicyt.edu.mx:2048/login?url=http://dx.doi.org/10.1007/978-94-007-5577-2 ‡yTexto completo ‡9CONS
950 . ‡aEarth and Environmental Science (Springer-11646)
901 . ‡a28165 ‡b ‡c28165 ‡tbiblio ‡sSystem Local

Additional Resources